01505cam a22003011 4500001002300000003000700023005001700030007000700047008004100054035000300095856009600098856010000194010001700294035001800311040003500329042001200364050002100376082001300397110002300410245031800433250001400751260002200765300003100787504003100818650005000849506015000899506015401049unitedstatesmone00amerCaSfIA20210119105112.0cr||||731023s1958 nyua b 100 0 eng  41uhttp://www.archive.org/details/unitedstatesmone00amerzFree eBook from the Internet Archive42uhttp://www.openlibrary.org/books/OL6269893MzAdditional information and access via Open Library a 59006614  a(OCoLC)721988 aDLCcODaWUdOCoLCdDLCdCaSfIA apremarc00aHG538b.A56 1958 a332.49732 aAmerican Assembly.10aUnited States monetary policy:h[electronic resource] bits contribution to prosperity without inflation; background papers prepared for the use of participants, and the Final report of the Fourteenth American Assembly, Arden House, Harriman Campus of Columbia University, Harriman, New York, October 16-19, 1958. aFinal ed. a[New York]c1958. aix, 231 p.billus.c24 cm. aBibliographical footnotes. 0aCurrency questionzUnited StatesvCongresses. fНеобхідна авторизація на https://archive.org/ (створення облікового запису безкоштовно) fНеобхідна авторизація на https://openlibrary.org/ (створення облікового запису безкоштовно)